000 00381 a2200121 4500
999 _c328114
_d328114
001 93041
003 NUST
005 20180120135046.0
008 180120b xxu||||| |||| 00| 0 eng d
082 _a358.4591/AZA
100 _aAzam Qadri colonel (R) and Muhammad Ali Group Captain (R)
_99211
245 _aSentinels in the Sky
_bA saga of PAF 's Gallant Air Warriors
_hEnglish
260 _aIslamabad
_bPAF book Club
_c[n.d]
300 _aviii,526p.
942 _aCAE NUST
_cBK
_k358.4591/AZA
_2ddc